LEADER 00836nam a2200205 i 4500 001 000000192909 003 CaOOAMICUS 005 20170607000000.0 008 170607s1895 it u000 u ita u 013 $a171547 040 $aSeMil$bita 100 1 $aSighele, Scipio.$0(OLS)http://semarc/name/93744 245 10$aContro il parlamentarismo :$bsaggio di psicologia collettiva /$cScipio Sighele. 260 $aMilano :$bFratelli Treves,$c1895. 300 $a53 p. ;$c21 cm. 650 4$aParlamentarismo.$0(OLS)http://semarc/subject/46513 850 $aSeMil 852 $aSeMil$W1$xVenegono$y1$m3N III 30 FA$j143483$B143483$CSeMilBibl$Z2$F154943 $8I 996 $6245$aContro il parlamentarismo :$bsaggio di psicologia collettiva$9(OLS)http://semarc/title/409217 996 $6260$aMilano :$bFratelli Treves$9(OLS)http://semarc/publisher/30212 LEADER 01045nam a2200241 i 4500 001 000000119481 003 CaOOAMICUS 005 20091125000000.0 008 091125n ck u000 u spa u 013 $a92175 020 $a958-625-084-9 040 $aSeMil$bita 110 0 $aConsejo Episcopal Latinoamericano.$0(OLS)http://semarc/name/5035 245 13$aEl pueblo de Dios aporta al Sinodo de 1987. 300 $a191 p. :$bill., tabelle. 490 0 $aDocumentos Celam ;$vN.95 773 0 $aConsejo Episcopal Latinoamericano$tDiscípulos de Cristo desde América Latina.$dBogotá : Departamento de Laicos [CELAM], 1987.$z958-625-082-2$gVolumen2$w()10320 830 0$aDocumentos Celam ;$vN.95.$0(OLS)http://semarc/title/13638 850 $aSeMil 852 $aSeMil$W1$xVenegono$y1$m2F I 287$j74689$B74689$CSeMilBibl$Z2$F102237 $81 961 $aOmaggio: Martini Card. Carlo Maria 996 $6020$a958-625-084-9$9(OLS)http://semarc/number/104355 996 $6245$aEl pueblo de Dios aporta al Sinodo de 1987$9(OLS)http://semarc/title/175590